000 00480nam a2200169Ia 4500
003 GCL
008 140319s9999 xx 000 0 ara d
040 _aGCL /
_cGCL
082 0 4 _a819.9
_bع خ
100 1 _aعباس محمود العقاد
245 1 0 _aخلاصة اليومية والشذور /
_cعباس محمود العقاد
300 _a153
490 _aكتاب
_v0
650 0 4 _aالقصص القصيرة
650 0 4 _aاللغة العربية
942 _2ddc
_cBK
999 _c42102
_d42102